000 01326nam a2200193Ia 4500
003 Ost
005 20260507075637.0
008 260507s9999||||xx |||||||||||||| ||und||
040 _cfsecg
041 _aara
082 _a658.8
100 _aعبد الفتاح، محمد سعيد
_eمؤلف
245 0 _aإدارة التسويق /
_c محمد سعيد عبد الفتاح
260 _aالاسكندرية:
_bالدار الجامعية,
_c[د.ت.]
300 _a640 صفحة؛
_bإيضاحات ؛
_c24 سم
520 _aالتعريف بالتسويق و سلوك المستهلك و دراسة السوق و السلع و منشآت التوزيع و العملية التسويقية كما تم التطرق الى تنظيم التسويق و التخطيط فيه و نظم المعلومات التسويقية و بحوث التسويق و اتخاذ القرارات التسويقية و استراتيجية التسويق و عناصرها و تنفيذها و الرقابة على التسويق و أخيرا دور التسويق و أثره في مرحلة التنمية الصناعية و بحوث التسويق و السياسات الادارية التسويقية و النماذج السلوكية و تطبيقاتها في التسويق.
653 _aالتسويق
942 _cكتاب
999 _c45312
_d45312